Progress in operations research (Record no. 1251014)

MARC details
000 -LEADER
fixed length control field 00484nam a2200169Ia 4500
005 - DATE AND TIME OF LATEST TRANSACTION
control field 20250317123355.0
008 - FIXED-LENGTH DATA ELEMENTS--GENERAL INFORMATION
fixed length control field 008 250317s9999 xx 000 0 eng d
040 ## - CATALOGING SOURCE
Original cataloging agency FMSL
Language of cataloging eng
Transcribing agency FMSL
041 ## - LANGUAGE CODE
Language code of text/sound track or separate title eng
Source of code eng
084 ## - COLON CLASSIFICATION NUMBER
Classification number B2893 K9
Assigning agency FMSL
100 ## - MAIN ENTRY--PERSONAL NAME
Personal name Aronofsky J S
9 (RLIN) 735597
245 #0 - TITLE STATEMENT
Title Progress in operations research
260 ## - PUBLICATION, DISTRIBUTION, ETC.
Place of publication, distribution, etc. London
Name of publisher, distributor, etc. London, John Wiley
Date of publication, distribution, etc. 1969
942 ## - ADDED ENTRY ELEMENTS (KOHA)
Koha item type Textbook
Classification part B2893 K9

No items available.

Copyright @ Delhi University Library System